Nacionalizmus v historickom vývoji Slovákov

Bibliographic Details
Main Author: Ďurica, Milan S., 1925-2024 (Author)
Format: Article
Language:Slovak
ISBN:8070905026
Subjects:

MARC

LEADER 00000nab a2200000 a 4500
001 vtls000833726
003 SK-MaSNL
005 20260426094109.0
008 250429c1998 xo 0 slo
015 |a SNBRA2003/04-12938 
035 |a CLN000185381 
035 |a urn:nbn:sk:snk-ab9tob 
035 |a (urnnbn)urn:nbn:sk:snk:ar-a08ula 
035 |a (uuid)ab27f969-c49d-4bab-88af-5d5318a0d081 
040 |a SNKBUCL  |b slo  |c SNKBUCL  |e AACR2 
041 0 |a slo 
044 |a xo  |c SK 
080 |a 943.76:172.15  |2 1997 
080 |a 172.15(=854)(091)  |2 1997 
100 1 |a Ďurica, Milan S.,  |d 1925-2024  |4 aut  |9 93495 
245 1 0 |a Nacionalizmus v historickom vývoji Slovákov  |c Milan S. Ďurica 
504 |a Res. nem. 
504 |a Bibliogr. odkazy a poznámky 
650 0 7 |a Slováci  |2 SNKPH  |9 22552 
650 0 7 |a národné hnutie  |2 SNKPH  |9 71486 
650 0 7 |a nacionalizmus  |2 SNKPH  |9 4731 
650 0 7 |a dejiny  |2 SNKPH  |9 3825 
651 7 |a Slovensko  |2 SNKPHgeo  |9 14231 
655 7 |a články zo zborníkov  |2 SNK  |9 166140 
773 0 |t Historický zborník 8  |d Martin : Matica slovenská, 1998  |g S. 34-44  |z 8070905026 
850 |a Slovenská národná knižnica 
852 |a Slovenská národná knižnica 
954 |a odborná, vedecká literatúra pôvodná (slovenská)  |2 lita 
958 |a article13 
958 |a OND 
958 |a NB 
958 |a SK 
958 |a EUIPO 
992 |a RZB 
999 |c 3125329  |d 3127259